Historia de las exploraciones árticas hechas en busca del paso del nordeste / (Record no. 160809)

MARC details
000 -LEADER
campo de control de longitud fija 01109nam a22002415i 4500
001 - NÚMERO DE CONTROL
campo de control 160809
003 - IDENTIFICADOR DE NÚMERO DE CONTROL
campo de control ES-MaACL
005 - FECHA Y HORA DE LA ÚLTIMA TRANSACCIÓN
campo de control 20250831063041.0
008 - DATOS DE LONGITUD FIJA--INFORMACIÓN GENERAL
campo de control de longitud fija 950206s1880 sp a |||| | spa d
040 ## - FUENTE DE CATALOGACIÓN
Centro catalogador/agencia de origen CLM
Lengua de catalogación spa
Centro/agencia transcriptor CCPB | PA2
100 1# - ENTRADA PRINCIPAL--NOMBRE DE PERSONA
Nombre de persona Novo y Colson, Pedro de,
Fechas asociadas al nombre 1846-1931
9 (RLIN) 86091
245 10 - MENCIÓN DEL TÍTULO
Título Historia de las exploraciones árticas hechas en busca del paso del nordeste /
Mención de responsabilidad, etc. por Pedro de Novo y Colson ; con un prólogo de Cesáreo Fernandez Duro.
260 ## - PUBLICACIÓN, DISTRIBUCIÓN, ETC.
Lugar de publicación, distribución, etc. Madrid :
Nombre del editor, distribuidor, etc. [s.n.],
Fecha de publicación, distribución, etc. 1880 (
Fabricante Imp. de Fortanet)
300 ## - DESCRIPCIÓN FÍSICA
Extensión XIII, 260 p., [1] h. de map. pleg. :
Otras características físicas il. ;
Dimensiones 24 cm.
500 #1 - NOTA GENERAL
Nota general En port.: "contiene un mapa, y un retrato del Sr. Nordenskiöld"
530 ## - NOTA DISPONIBLE DE FORMULARIO FÍSICO ADICIONAL
Nota de formato físico adicional disponible Disponible en formato digital.
651 #4 - PUNTO DE ACCESO ADICIONAL DE MATERIA--NOMBRE GEOGRÁFICO
Nombre geográfico Regiones árticas-
Subdivisión general Descubrimientos y exploraciones.
9 (RLIN) 9304
651 #4 - PUNTO DE ACCESO ADICIONAL DE MATERIA--NOMBRE GEOGRÁFICO
Nombre geográfico Paso del Nordeste-
Subdivisión general Descubrimientos y exploraciones.
9 (RLIN) 144566
700 1# - ENTRADA AGREGADA--NOMBRE PERSONAL
Nombre de persona Fernández Duro, Cesáreo,
Fechas asociadas al nombre 1830-1908
9 (RLIN) 49752
852 ## - LOCALIZACIÓN
Ubicación ES-MaACL
Número de control de estantería G-9562
Nota libre -- Enc. hol.
856 ## - LOCALIZACIÓN Y ACCESO ELECTRÓNICOS
Identificador Uniforme de Recursos <a href="http://bdh-rd.bne.es/viewer.vm?id=0000081212&page=1 ">http://bdh-rd.bne.es/viewer.vm?id=0000081212&page=1 </a>
Nota pública Biblioteca Digital Hispánica
Holdings
Estatus retirado Estado de pérdida Estado de daño No para préstamo Colección Biblioteca de origen Biblioteca actual Ubicación en estantería Fecha de adquisición Fuente de adquisición Total de préstamos Signatura topográfica completa Código de barras Visto por última vez Precio de reemplazo Tipo de ítem Koha
        Colección digital Biblioteca del Ateneo de Madrid Biblioteca del Ateneo de Madrid Sala Pecera Planta 3 17/01/2008     G-9562 1168398 23/02/2023 23/02/2023 Libro impreso antiguo